000 00494nam a22001337a 4500
082 _a823
_bCOA/F
100 _aCOATS, LUCY
245 _aTHE FLYING HORSE
_bGREEK BEASTS AND HEROES
260 _aUNITED KINGDOM
_bORION CHILDREN'S BOOKS
_c2010
300 _a80
520 _aATTICUS THE STORY TELLER IS ON A QUEST. AS HE TRAVELS, ATTICUS TELLS TALES OF FEARSOME MONSTERS AND FABULOUS BEASTS, GODS, AND GODDESSESS, HEROES AND HEROINES
650 _aCHILDREN'S STORY BOOK
_zUNITED KINGDOM
942 _cBK
999 _c5983
_d5983